00467 2200169 4500001002100000008004100021035002000062245004500082100002600127260003300153300002100186020002200207084002000229082001400249650002000263990001400283INLIS000000000000699 ind  a0010-1125000011 aNegeri Van OranjecWahyuningrat, et. al. aWahyuningrat, et. al. aYogyakarta :bBentang,c2014 a576 hlm.c18 cm. a978-602-291-036-7 a899.221 3 WAH n a899.221 3 aFiksi Indonesia a000001279